000 00535nam a22001817a 4500
999 _c181664
_d181664
005 20210930105012.0
010 _aEN230921
020 _a9788193807255
_c700.00
037 _bM.B. books
082 _a480
100 _aAjay Kumar Singh
245 _aSSC English 195 sets /
_cby Ajay Kumar Singh
250 _arevised and updated
260 _aPatna
_bM.B. books
_c2021
270 _a3rd Floor, Ramdiri House, Dadiji Lane, Boring Road
_bPatna
_e800001
300 _a876p.
_c28cm(pbk)
942 _2ddc
_cEN
_mAJA
_h480